000 01070nam1a22002651 4500
001 rc\2973738
005 20250326121006.0
035 _a(NLR Aleph) 007119648
090 _a6849832
_c6849832
100 _a20110908d1938 |||y0rusy50 ca
101 0 _arus
102 _aRU
105 _ay z |||||
200 1 _aУченые записки "Географического факультета"
_fПод ред. проф. А.С. Баркова
_gМоск. гос. пед. ин-т
210 _aМосква
_cБ. и.
_d1938
_gшк. ФЗУ треста "Полиграфкнига"
215 _d22 см
300 _aС вып. I (1949) хранится в журнальном фонде (Шифр: П1/54)
702 1 _aБарков
_bА. С.
_4340
710 0 2 _aМосковский педагогический институт им. В. И. Ленина
_bГеографический факультет
_3RU\NLR\AUTH\889930825
801 0 _aRU
_bNLR
_gpsbo
801 1 _aRU
_bELAR
_2rusmarc
852 _aNLR
_j38-10/2522
942 _cBOOK
980 _aNB